Экономика и управление в машиностроении: учебное пособие

Bibliographic Details
Other Authors: Кожевников Н. Н. Николай Николаевич (редактор)
Summary:Рассмотрены особенности машиностроительного комплекса, его структура, перспективы развития, приведена характеристика машиностроительной продукции. Проанализированы особенности ресурсов предприятий машиностроения, себестоимости продукции машиностроительного комплекса.Для студентов специальностей технического профиля среднего профессионального образования.
Language:Russian
Published: Москва, Академия, 2007
Edition:2-е изд., стер.
Series:Среднее профессиональное образование. Машиностроение
Subjects:
Format: Book
KOHA link:https://koha.lib.tpu.ru/cgi-bin/koha/opac-detail.pl?biblionumber=137973

MARC

LEADER 00000nam0a2200000 4500
001 137973
005 20231031141235.0
010 |a 9785769545078 
035 |a (RuTPU)RU\TPU\book\149510 
090 |a 137973 
100 |a 20080519d2007 m y0rusy50 ca 
101 0 |a rus 
102 |a RU 
105 |a a j 001zy 
200 1 |a Экономика и управление в машиностроении   |e учебное пособие  |f под ред. Н. Н. Кожевникова 
205 |a 2-е изд., стер. 
210 |a Москва  |c Академия  |d 2007 
215 |a 208 с.  |c ил. 
225 1 |a Среднее профессиональное образование. Машиностроение 
320 |a Список литературы: с. 203. 
330 |a Рассмотрены особенности машиностроительного комплекса, его структура, перспективы развития, приведена характеристика машиностроительной продукции. Проанализированы особенности ресурсов предприятий машиностроения, себестоимости продукции машиностроительного комплекса.Для студентов специальностей технического профиля среднего профессионального образования. 
610 1 |a машиностроение 
610 1 |a экономика 
610 1 |a управление 
610 1 |a машиностроительные предприятия 
610 1 |a ресурсы 
610 1 |a производственный процесс 
610 1 |a продукция 
610 1 |a маркетинговая деятельность 
610 1 |a рыночная конъюнктура 
610 1 |a управление качеством 
610 1 |a производственная мощность 
610 1 |a затраты 
610 1 |a издержки 
610 1 |a себестоимость 
610 1 |a ценообразование 
610 1 |a эффективность 
610 1 |a оценка 
610 1 |a инновационная политика 
610 1 |a инвестиционная политика 
610 1 |a внешнеэкономическая деятельность 
610 1 |a учебные пособия 
675 |a 621.002:658.5(075.3)  |v 3 
702 1 |a Кожевников  |b Н. Н.  |g Николай Николаевич  |4 340 
801 1 |a RU  |b 63413507  |c 20080519  |g PSBO 
801 2 |a RU  |b 63413507  |c 20150604  |g PSBO 
942 |c BK 
959 |a 50/20080519  |d 2  |e 0  |f АНЛ:1  |f ЧЗТЛ:1